Top 500 Baby Boy Names in 2000 (United States) - Statistics

General Stats
  • This quiz has been taken 326 times
  • The average score is 227 of 500
Answer Stats
Hint Answer % Correct
14 John
95%
354 Jon
95%
46 Jack
93%
18 James
91%
34 Jose
91%
11 William
90%
286 Danny
89%
16 David
88%
130 George
88%
2 Michael
88%
302 Micheal
88%
251 Mathew
86%
3 Matthew
86%
62 Alex
85%
197 Andre
85%
126 Henry
85%
72 Jackson
85%
477 Jaxon
85%
8 Joseph
85%
33 Thomas
85%
475 Tomas
85%
26 Benjamin
84%
391 Chris
84%
125 Peter
84%
20 Alexander
82%
209 Frank
82%
157 Johnathan
82%
378 Johnathon
82%
21 Jonathan
82%
226 Jonathon
82%
229 Marc
82%
79 Mark
82%
29 Robert
82%
9 Daniel
81%
83 Lucas
81%
367 Lukas
81%
7 Andrew
80%
51 Charles
80%
5 Christopher
80%
108 Edward
80%
295 Kristopher
80%
100 Paul
80%
315 Joe
79%
486 Brayan
78%
43 Brian
78%
70 Bryan
78%
304 Carl
78%
1 Jacob
78%
173 Jakob
78%
388 Leo
78%
6 Nicholas
78%
282 Nickolas
78%
137 Nicolas
78%
358 Nikolas
78%
305 Oliver
78%
95 Stephen
78%
54 Steven
78%
17 Anthony
77%
39 Jason
77%
370 Jayson
77%
500 Leon
77%
13 Ryan
77%
15 Zachary
77%
277 Zachery
77%
249 Zackary
77%
369 Zackery
77%
45 Adam
76%
217 Donald
76%
59 Luke
76%
30 Nathan
76%
27 Noah
76%
460 Sam
76%
57 Sean
76%
355 Shaun
76%
135 Shawn
76%
140 Liam
75%
65 Richard
75%
4 Joshua
74%
19 Justin
74%
32 Kevin
74%
393 Kevon
74%
338 Branden
73%
12 Brandon
73%
394 Steve
73%
41 Aaron
72%
22 Christian
72%
160 Cristian
72%
419 Kristian
72%
99 Marcus
72%
255 Philip
72%
198 Phillip
72%
259 Ty
72%
228 Eli
71%
169 Dillon
70%
24 Dylan
70%
138 Gregory
70%
84 Jeremy
70%
68 Patrick
70%
58 Timothy
70%
114 Aidan
69%
324 Aiden
69%
450 Charlie
69%
42 Eric
69%
190 Erick
69%
143 Erik
69%
25 Ethan
69%
326 Jay
69%
36 Jordan
69%
466 Jordon
69%
37 Kyle
69%
28 Samuel
69%
97 Victor
69%
161 Alan
68%
483 Allan
68%
250 Allen
68%
55 Evan
68%
96 Jake
68%
279 Louis
68%
49 Luis
68%
10 Tyler
68%
102 Jeremiah
67%
131 Bradley
66%
333 Jeffery
66%
104 Jeffrey
66%
408 Nathanael
66%
61 Nathaniel
66%
145 Owen
66%
120 Vincent
66%
66 Carlos
65%
121 Derek
65%
218 Derrick
65%
73 Ian
65%
53 Isaac
65%
457 Issac
65%
203 Ronald
65%
435 Francis
64%
395 Frederick
64%
103 Xavier
64%
31 Cameron
63%
411 Camron
63%
52 Elijah
63%
44 Gabriel
63%
266 Kameron
63%
154 Jaden
62%
194 Jayden
62%
175 Martin
62%
165 Max
62%
385 Billy
61%
152 Carter
61%
87 Julian
61%
94 Kenneth
61%
253 Leonardo
61%
162 Raymond
61%
312 Theodore
61%
64 Mason
59%
213 Abraham
58%
316 Arthur
58%
191 Conner
58%
50 Connor
58%
365 Conor
58%
205 Damian
58%
258 Damien
58%
433 Damion
58%
252 Dennis
58%
235 Johnny
58%
48 Juan
58%
82 Antonio
57%
448 Franklin
57%
307 Tommy
57%
281 Albert
56%
38 Caleb
56%
272 Jimmy
56%
192 Jonah
56%
141 Kaleb
56%
364 Bobby
55%
184 Harrison
55%
117 Colin
54%
128 Collin
54%
153 Ivan
54%
90 Jesse
54%
446 Jessie
54%
40 Logan
54%
257 Miles
54%
289 Myles
54%
80 Blake
53%
71 Cole
53%
188 Drew
53%
275 Gary
53%
129 Hayden
53%
122 Oscar
53%
136 Taylor
53%
101 Brendan
52%
243 Brenden
52%
348 Brendon
52%
119 Carson
52%
376 Dean
52%
468 Elliot
52%
85 Gavin
52%
308 Walter
52%
76 Jesus
51%
485 Joey
51%
158 Scott
51%
208 Andy
50%
23 Austin
50%
499 Davon
50%
496 Devan
50%
479 Deven
50%
69 Devin
50%
133 Devon
50%
123 Grant
50%
35 Hunter
50%
112 Joel
50%
322 Lawrence
50%
132 Mitchell
50%
127 Parker
50%
263 Simon
50%
283 Tony
50%
149 Corey
49%
227 Cory
49%
420 Garret
49%
74 Garrett
49%
313 Grayson
49%
56 Jared
49%
416 Jarod
49%
471 Jarred
49%
349 Eddie
48%
47 Isaiah
48%
343 Isiah
48%
280 Larry
48%
78 Adrian
47%
204 Braden
47%
452 Braeden
47%
199 Brayden
47%
432 Bruce
47%
214 Calvin
47%
60 Cody
47%
241 Cooper
47%
264 Jerry
47%
350 Kody
47%
172 Levi
47%
181 Marco
47%
113 Maxwell
47%
182 Nolan
47%
142 Preston
47%
81 Sebastian
47%
116 Shane
47%
254 Ashton
46%
242 Elias
46%
403 Kai
46%
77 Chase
45%
195 Edwin
45%
222 Keith
45%
200 Landon
45%
75 Trevor
45%
111 Wyatt
45%
352 Abel
44%
171 Wesley
44%
428 Mateo
43%
92 Bryce
42%
118 Dominic
42%
271 Dominick
42%
405 Graham
42%
180 Josiah
42%
469 Lee
42%
89 Alejandro
41%
382 Gerald
41%
339 Brody
40%
298 Darren
40%
177 Edgar
40%
187 Roberto
40%
115 Travis
40%
236 Chad
39%
110 Colton
39%
472 Mohamed
39%
465 Mohammad
39%
294 Ricky
39%
317 Roman
39%
438 Warren
39%
148 Dustin
38%
377 Felix
38%
86 Miguel
38%
311 Quinn
38%
109 Riley
38%
216 Cade
37%
417 Kade
37%
167 Mario
37%
495 Neil
37%
246 Zane
37%
189 Brady
36%
319 Brent
36%
340 Craig
36%
147 Diego
36%
430 Ezra
36%
155 Javier
36%
107 Jorge
36%
186 Micah
36%
332 Morgan
36%
210 Pedro
36%
325 Quentin
36%
379 Quinton
36%
372 Roger
36%
400 Roy
36%
320 Russell
36%
63 Seth
36%
331 Terry
36%
397 Weston
36%
144 Alexis
35%
67 Angel
35%
139 Francisco
35%
399 Hugo
35%
380 Ali
34%
163 Brett
34%
193 Casey
34%
396 Clay
34%
124 Eduardo
34%
434 Ross
34%
98 Spencer
34%
407 Willie
34%
270 Alberto
33%
441 Bennett
33%
290 Damon
33%
261 Drake
33%
329 Emanuel
33%
196 Emmanuel
33%
105 Tristan
33%
328 Tristen
33%
443 Triston
33%
344 Marshall
32%
489 Noe
32%
387 Reece
32%
418 Reese
32%
303 Angelo
31%
361 Axel
31%
240 Caden
31%
151 Clayton
31%
274 Douglas
31%
357 Ezekiel
31%
273 Kaden
31%
478 Maximilian
31%
297 Pablo
31%
232 Trent
31%
225 Troy
31%
335 Tyson
31%
456 Alvin
30%
245 Avery
30%
309 Dallas
30%
219 Payton
30%
183 Peyton
30%
134 Ricardo
30%
402 Terrance
30%
488 Terrence
30%
425 Todd
30%
288 Tucker
30%
269 Bryson
29%
362 Camden
29%
265 Curtis
29%
206 Donovan
29%
150 Fernando
29%
201 Giovanni
29%
431 Kenny
29%
482 Ronnie
29%
474 Wade
29%
164 Andres
28%
168 Dawson
28%
256 Julio
28%
159 Manuel
28%
336 Marvin
28%
414 Nelson
28%
406 Noel
28%
440 Randall
28%
278 Randy
28%
247 Dante
27%
381 Davis
27%
484 Julius
27%
93 Tanner
27%
215 Trey
27%
467 Beau
26%
91 Dalton
26%
306 Kyler
26%
267 Lance
26%
458 Moses
26%
146 Omar
26%
207 Ruben
26%
427 Walker
26%
310 Jace
25%
106 Jalen
25%
224 Jaylen
25%
464 Jaylin
25%
429 Jaylon
25%
368 Malcolm
25%
461 Sawyer
25%
436 Tate
24%
300 Zion
24%
301 Alfredo
23%
291 Arturo
23%
174 Chandler
23%
284 Fabian
23%
244 Israel
23%
287 Saul
23%
462 Solomon
23%
337 Braxton
22%
212 Chance
22%
423 Dane
22%
494 Jerome
22%
342 Rodney
22%
230 Rafael
21%
449 Reed
21%
437 Reid
21%
156 Alec
20%
413 Amir
20%
202 Bailey
20%
268 Brock
20%
234 Colby
20%
220 Darius
20%
470 Darrell
20%
347 Emilio
20%
221 Enrique
20%
346 Ernesto
20%
334 Esteban
20%
233 Griffin
20%
185 Hector
20%
453 Holden
20%
314 Lorenzo
20%
351 Malachi
20%
455 Melvin
20%
374 Zachariah
20%
451 Blaine
19%
439 Byron
19%
444 Harley
19%
223 Raul
19%
276 Brennan
18%
318 Bryant
18%
375 Desmond
18%
447 Duncan
18%
262 Jaime
18%
296 Lane
18%
321 Ramon
18%
359 Santiago
18%
410 Tyrone
18%
366 Jamal
17%
239 Marcos
17%
237 Armando
16%
345 Maurice
16%
178 Sergio
16%
292 Corbin
15%
88 Dakota
15%
166 Gage
15%
341 Ismael
15%
360 Kendall
15%
459 Kendrick
15%
238 Kobe
15%
373 Reginald
15%
424 Felipe
14%
248 Josue
14%
389 Kelvin
14%
401 Orlando
14%
383 Rodrigo
14%
356 Skylar
14%
231 Skyler
14%
398 Dorian
13%
179 Trenton
13%
454 Ahmad
12%
491 Ahmed
12%
285 Keegan
12%
463 Cedric
11%
330 Salvador
11%
392 Guillermo
10%
260 Gustavo
10%
170 Cesar
9%
415 Darian
9%
211 Gerardo
9%
386 Rene
9%
409 Terrell
9%
476 Uriel
9%
176 Malik
8%
498 Pierce
8%
490 Alfonso
7%
293 Deandre
7%
384 Demetrius
7%
426 Elian
7%
480 Gilberto
7%
390 Justice
7%
404 Khalil
7%
442 Jermaine
6%
353 Keaton
5%
492 Tyree
5%
493 Tyrell
5%
299 Jarrett
4%
421 Rodolfo
4%
481 Rogelio
4%
327 Tyrese
4%
323 Moises
3%
473 Davion
1%
371 Javon
1%
422 Marquis
1%
412 Mauricio
1%
497 Ramiro
1%
363 Trevon
1%
487 Deshawn
0%
445 Jaquan
0%
No matching quizzes found
Score Distribution
Percent of People with Each Score
Percentile by Number Answered
Your Score History
You have not taken this quiz